From printing to streaming: Cultural production under capitalism (Record no. 1224822)

MARC details
000 -LEADER
fixed length control field 00652nam a2200217Ia 4500
005 - DATE AND TIME OF LATEST TRANSACTION
control field 20241129104207.0
008 - FIXED-LENGTH DATA ELEMENTS--GENERAL INFORMATION
fixed length control field 241129s9999||||xx |||||||||||||| ||und||
020 ## - INTERNATIONAL STANDARD BOOK NUMBER
International Standard Book Number 9780745340968
037 ## - SOURCE OF ACQUISITION
Stock number Textual
040 ## - CATALOGING SOURCE
Original cataloging agency RTL
Language of cataloging eng
Transcribing agency RTL
041 ## - LANGUAGE CODE
Language code of text/sound track or separate title eng
Source of code eng
084 ## - COLON CLASSIFICATION NUMBER
Classification number X:3M24xM18:g(Y:1) R2
Assigning agency RTL
100 ## - MAIN ENTRY--PERSONAL NAME
Personal name Chanan Michael
9 (RLIN) 725184
245 #0 - TITLE STATEMENT
Title From printing to streaming: Cultural production under capitalism
Statement of responsibility, etc. Chanan Michael
260 ## - PUBLICATION, DISTRIBUTION, ETC.
Place of publication, distribution, etc. London
Name of publisher, distributor, etc. Pluto Press
Date of publication, distribution, etc. 2022
300 ## - PHYSICAL DESCRIPTION
Extent xix,240p.
365 ## - TRADE PRICE
Price type code INR
Price amount 2020.18
650 ## - SUBJECT ADDED ENTRY--TOPICAL TERM
Topical term or geographic name entry element Media Studies
942 ## - ADDED ENTRY ELEMENTS (KOHA)
Koha item type Textbook
Classification part X:3M24xM18:g(Y:1) R2
Holdings
Withdrawn status Lost status Damaged status Not for loan Home library Current library Date acquired Source of acquisition Cost, normal purchase price Inventory number Total Checkouts Full call number Barcode Date last seen Price effective from Koha item type
        Ratan Tata Library Ratan Tata Library 2024-11-29 Shivam book service 2020.18 226 & 21/02/2023   X:3M24xM18:g(Y:1) R2 RT1502758 2024-11-29 2024-11-29 Textbook
Copyright @ Delhi University Library System